Most Popular Girls Names in Oregon - Statistics

General Stats
  • This quiz has been taken 83 times
  • The average score is 12 of 20
Answer Stats
Hint Answer % Correct
1988-12 Emma
83%
1980-88 Jennifer
80%
1980-97 Sarah
80%
1992-10 Emily
77%
1980-99 Jessica
74%
2003, 2005-12 Olivia
71%
2001-02 Elizabeth
70%
1983-96, 2000 Ashley
64%
2008, 2011 Ava
64%
1996-05 Hannah
63%
1980-92 Amanda
61%
2006-12 Isabella
61%
2007, 2009-12 Sophia
57%
1980-82 Melissa
53%
2004 Grace
47%
1997-98, 2000-06 Madison
47%
1989-90 Brittany
43%
2012 Abigail
40%
1993-95 Samantha
40%
1991 Kayla
31%
No matching quizzes found
Score Distribution
Percent of People with Each Score
Percentile by Number Answered
Your Score History
You have not taken this quiz